• 首页
  • 本馆介绍
  • 公告通知
  • 最新文献
  • 馆藏检索
  • 电子资源
  • 读者导购
  • 参考咨询
  • 我的图书馆
  • 登录
  • 详细信息显示
  • 放入我的书架
  • 预约/预借图书
  • 作者相关作品
  • 分类相关作品
  • 丛书相关作品
  • 出版社相关作品

书目信息

  • 表格格式
  • 工作单格式
  • 卡片格式
题名:
教育评价的理论与实践
    
 
作者: 刘本固 著
分册:  
出版信息: 杭州   浙江教育出版社  2000
页数: 555页
开本: 20cm
丛书名: 教育改革的理论与实践丛书
单 册:
中图分类: G40-058.1 , G40-05
科图分类:
主题词: 教育评估--概论 , 教育评估
电子资源:
ISBN: 7-5338-3507-7
000 00944oam2 2200265 450
001 1538413876
005 20150131213835.14
010    @a7-5338-3507-7@dCNY22.00
100    @a20000816d2000 em y0chiy0110 ea
101 0  @achi
102    @aCN@b330000
105    @ay z 000yy
200 1  @a教育评价的理论与实践@9jiao yu ping jia de li lun yu shi jian@f刘本固著
210    @a杭州@c浙江教育出版社@d2000
215    @a555页@d20cm
225 2  @a教育改革的理论与实践丛书
330    @a本书探讨了教育评价的历史与发展、性质与目的、功能与形态、客体与主体、目标与模式、心理效应、过程与原则、工具与方法,以及学生道德水平、学生学力水平、学生体育水平、教师教学质量、教师班级管理和学校领导管理水平的评价。
461  0 @12001 @a教育改革的理论与实践丛书
606 0  @a教育评估@x概论
606 0  @a教育评估
690    @aG40-058.1@v5
690    @aG40-05@v4
701  0 @a刘本固@9liu ben gu@4著
801  0 @aCN@bTSSF@c20150131
905    @aZUCC@dG40-05@eJY4
    
    教育评价的理论与实践/刘本固著.-杭州:浙江教育出版社,2000
    555页;20cm.-(教育改革的理论与实践丛书)
    
    
    ISBN 7-5338-3507-7:CNY22.00
    本书探讨了教育评价的历史与发展、性质与目的、功能与形态、客体与主体、目标与模式、心理效应、过程与原则、工具与方法,以及学生道德水平、学生学力水平、学生体育水平、教师教学质量、教师班级管理和学校领导管理水平的评价。
●
相关链接 在E读中查询图书 在五车中查询图书 在当当中查询图书 在豆瓣中查询图书


正题名:教育评价的理论与实践     索取号:G40-05/JY4         预约/预借

序号 登录号 条形码 馆藏地/架位号 状态 备注
1 7859316   278593167   学院路分馆/ [索取号:G40-05/JY4] 在馆    
唐山师范学院图书馆 欢迎您!
大连网信软件有限公司© 版权所有